[Event "Open 2004 des PSV Rostock"]
[Site "Rostock"]
[Date "2004.08.26"]
[Round "1.28"]
[White "Mueggenburg, Rolf"]
[Black "Oldach, Ehrenfried"]
[Result "0-1"]
[WhiteElo "1502"]
[BlackElo "2058"]
[PlyCount "90"]
[EventDate "2004.08.26"]
[EventType "swiss"]
[EventRounds "7"]
[EventCountry "GER"]
[Source "Th. Schwetlick"]
[SourceDate "2004.09.01"]

1. Nc3 e5 2. e4 d6 3. Nf3 Nf6 4. d4 exd4 5. Nxd4 Bd7 6. Bg5 Be7 7. Nf5 Bxf5 8.
exf5 Qd7 9. Bd3 Nc6 10. O-O O-O-O 11. Bb5 Qxf5 12. Bxf6 Bxf6 13. Bxc6 bxc6 14.
Qd2 Rhe8 15. Rfe1 Re6 16. Rxe6 fxe6 17. Nd1 Rf8 18. Qe2 Kd7 19. c3 Qe5 20. Ne3
Bg5 21. Qd3 Bxe3 22. fxe3 Qf5 23. Qe2 a5 24. c4 Rf6 25. Rd1 Ke7 26. b3 h5 27.
a3 g5 28. h3 g4 29. Rf1 Qxf1+ 30. Qxf1 Rxf1+ 31. Kxf1 Kf6 32. Ke2 c5 33. e4 Ke5
34. hxg4 hxg4 35. Ke3 c6 36. g3 d5 37. exd5 cxd5 38. cxd5 exd5 39. Kd3 Ke6 40.
Ke3 Kf5 41. a4 Ke5 42. Kd3 Ke6 43. Ke3 Kf5 44. Kd3 Ke5 45. Ke3 d4+ 0-1

[Event "Open 2004 des PSV Rostock"]
[Site "Rostock"]
[Date "2004.08.26"]
[Round "1.30"]
[White "Uphoff, Juergen"]
[Black "Herde, Dittmar"]
[Result "0-1"]
[WhiteElo "1445"]
[BlackElo "2022"]
[PlyCount "96"]
[EventDate "2004.08.26"]
[EventType "swiss"]
[EventRounds "7"]
[EventCountry "GER"]
[Source "Th. Schwetlick"]
[SourceDate "2004.09.01"]

1. d4 d5 2. Nf3 Nf6 3. e3 e6 4. c4 c6 5. Nc3 Bd6 6. Bd2 O-O 7. Qc2 Nbd7 8. Bd3
h6 9. h3 Re8 10. O-O e5 11. dxe5 Nxe5 12. Nxe5 Bxe5 13. cxd5 cxd5 14. Ne2 Bd7
15. Qb3 Bc6 16. Bc3 Bc7 17. Nd4 Ne4 18. Rad1 Qd6 19. Nf3 Nxc3 20. Qxc3 Rad8 21.
Qa3 Qxa3 22. bxa3 Bd6 23. Bc2 Bxa3 24. Bb3 Bb5 25. Rfe1 Bb4 26. Nd2 d4 27. e4
Kf8 28. e5 Bd7 29. Re2 Be6 30. Bxe6 Rxe6 31. Nf3 Bc3 32. Rc2 Rc6 33. Re2 Re6
34. Rc2 Rc6 35. Re2 Ke7 36. Re4 Rc4 37. Rb1 b6 38. Rd1 Ra4 39. Kf1 b5 40. g3 a6
41. Kg2 Rxa2 42. Nxd4 Bxd4 43. Rexd4 Rxd4 44. Rxd4 a5 45. Kf1 b4 46. f4 b3 47.
Ke1 b2 48. Rd1 Ra1 0-1

[Event "Open 2004 des PSV Rostock"]
[Site "Rostock"]
[Date "2004.08.26"]
[Round "1.31"]
[White "Kramps, Rene"]
[Black "Fischer, Joachim"]
[Result "1/2-1/2"]
[WhiteElo "2010"]
[BlackElo "1442"]
[PlyCount "69"]
[EventDate "2004.08.26"]
[EventType "swiss"]
[EventRounds "7"]
[EventCountry "GER"]
[Source "Th. Schwetlick"]
[SourceDate "2004.09.01"]

1. e4 e5 2. Nf3 Nc6 3. Bb5 a6 4. Bxc6 dxc6 5. Nc3 Bg4 6. h3 Bxf3 7. Qxf3 Qf6 8.
Qxf6 Nxf6 9. a3 Bd6 10. O-O O-O 11. Ne2 Nd7 12. d4 f6 13. c3 Rae8 14. f3 Rf7
15. Rd1 g6 16. Kh1 Kg7 17. Be3 h6 18. Bg1 Kh7 19. Bh2 Kg7 20. Rd2 Nb6 21. b3
Nd7 22. Rad1 Ree7 23. c4 b6 24. a4 a5 25. Bg1 Kh7 26. Rc2 Bb4 27. d5 cxd5 28.
cxd5 Nc5 29. Bxc5 Bxc5 30. Nc1 f5 31. Nd3 Bd4 32. Rc6 Kg7 33. Rdc1 fxe4 34.
fxe4 h5 35. R6c2 1/2-1/2

[Event "Open 2004 des PSV Rostock"]
[Site "Rostock"]
[Date "2004.08.26"]
[Round "1.32"]
[White "Kurzwig, Andre"]
[Black "Luetje, Juergen"]
[Result "0-1"]
[WhiteElo "1398"]
[BlackElo "1995"]
[PlyCount "96"]
[EventDate "2004.08.26"]
[EventType "swiss"]
[EventRounds "7"]
[EventCountry "GER"]
[Source "Th. Schwetlick"]
[SourceDate "2004.09.01"]

1. c4 e5 2. g3 d6 3. Bg2 Nc6 4. d3 Be6 5. Nf3 Qd7 6. O-O Bh3 7. Nc3 h5 8. Nd5
O-O-O 9. Qa4 Kb8 10. Be3 Nd4 11. Qxd7 Nxf3+ 12. exf3 Bxd7 13. d4 Ne7 14. f4
exd4 15. Bxd4 Nf5 16. Rad1 Nxd4 17. Rxd4 g6 18. Rfd1 Bg7 19. R4d2 Rhe8 20. Ne3
Be6 21. Bd5 Kc8 22. Bxe6+ fxe6 23. b3 Rd7 24. Kg2 Rf7 25. Re2 Kd7 26. c5 d5 27.
Rc2 c6 28. Nc4 Rb8 29. Re2 b6 30. cxb6 axb6 31. Ne5+ Bxe5 32. Rxe5 c5 33. a4 b5
34. Ra1 Ra8 35. Re2 bxa4 36. bxa4 Ra6 37. Rb2 Kd6 38. a5 Rfa7 39. Rab1 Rxa5 40.
Rb6+ Kd7 41. Re1 R5a6 42. Rexe6 Rxb6 43. Rxb6 c4 44. Rxg6 Ra1 45. f5 c3 46.
Rg7+ Kd6 47. f6 c2 48. f7 Ke7 0-1

[Event "Open 2004 des PSV Rostock"]
[Site "Rostock"]
[Date "2004.08.26"]
[Round "1.33"]
[White "Bauer, Burkhardt"]
[Black "Moeller, Gerhard"]
[Result "1-0"]
[WhiteElo "1977"]
[BlackElo "1380"]
[PlyCount "67"]
[EventDate "2004.08.26"]
[EventType "swiss"]
[EventRounds "7"]
[EventCountry "GER"]
[Source "Th. Schwetlick"]
[SourceDate "2004.09.01"]

1. d4 Nf6 2. Nf3 g6 3. Nbd2 Bg7 4. e4 d6 5. Bc4 O-O 6. O-O Nbd7 7. e5 dxe5 8.
dxe5 Ng4 9. e6 Nb6 10. exf7+ Kh8 11. Bb3 e6 12. h3 Nh6 13. Ne4 Nxf7 14. Nfg5
Qe7 15. Nxf7+ Rxf7 16. Bg5 Qf8 17. Be3 Bd7 18. Ng5 Rf5 19. Nxe6 Bxe6 20. Bxe6
Rd8 21. Qg4 Rb5 22. Rad1 Bf6 23. Rxd8 Qxd8 24. Rd1 Qe7 25. Bb3 Re5 26. a4 Re4
27. Qf3 c6 28. a5 Nc8 29. c3 Kg7 30. Bc2 Re5 31. Qg4 Nd6 32. Qb4 Nf7 33. Qxe7
Bxe7 34. Bd4 1-0

[Event "Open 2004 des PSV Rostock"]
[Site "Rostock"]
[Date "2004.08.26"]
[Round "1.34"]
[White "Mangold, Thomas"]
[Black "Ott, Mathias"]
[Result "0-1"]
[WhiteElo "1208"]
[BlackElo "1965"]
[PlyCount "74"]
[EventDate "2004.08.26"]
[EventType "swiss"]
[EventRounds "7"]
[EventCountry "GER"]
[Source "Th. Schwetlick"]
[SourceDate "2004.09.01"]

1. e4 e6 2. d4 d5 3. Nd2 Nf6 4. e5 Nfd7 5. Ngf3 c5 6. c3 Nc6 7. Bb5 Qb6 8. Bxc6
bxc6 9. Qb3 Qc7 10. O-O cxd4 11. cxd4 c5 12. Qc3 Ba6 13. Re1 Rc8 14. b3 Qb6 15.
Qe3 cxd4 16. Nxd4 Nc5 17. N2f3 Ne4 18. Bb2 Bc5 19. Rac1 O-O 20. Rc2 f6 21. Rec1
fxe5 22. Nxe5 Qd6 23. Nd3 e5 24. Nxc5 Rxc5 25. Nf3 Rxc2 26. Rxc2 Qg6 27. Nxe5
Qf5 28. Nc6 Qh5 29. Qd4 Nf6 30. Ne7+ Kh8 31. Rc7 Qe2 32. h3 Bd3 33. Nxd5 Qf1+
34. Kh2 Be4 35. Nf4 Qb5 36. Qxa7 Qg5 37. Bxf6 Qxf4+ 0-1

[Event "Open 2004 des PSV Rostock"]
[Site "Rostock"]
[Date "2004.08.26"]
[Round "1.35"]
[White "Boettcher, Patrick"]
[Black "Obodzinskiy, Slava"]
[Result "1-0"]
[WhiteElo "1949"]
[BlackElo "1201"]
[PlyCount "71"]
[EventDate "2004.08.26"]
[EventType "swiss"]
[EventRounds "7"]
[EventCountry "GER"]
[Source "Th. Schwetlick"]
[SourceDate "2004.09.01"]

1. e4 c5 2. Nf3 Nc6 3. d4 cxd4 4. Nxd4 Nf6 5. Nc3 e5 6. Ndb5 d6 7. Bg5 a6 8.
Na3 b5 9. Bxf6 gxf6 10. Nd5 f5 11. exf5 Bxf5 12. c3 Bg7 13. Nc2 O-O 14. Nce3
Bg6 15. g3 Be4 16. Bg2 Bxg2 17. Nxg2 Ne7 18. Nge3 Ng6 19. Qh5 Ra7 20. O-O Qd7
21. Nf5 Qe6 22. Rad1 Rc8 23. Rd2 a5 24. Rfd1 Rc6 25. h4 e4 26. Nxg7 Kxg7 27.
Ne3 Rc5 28. Rd5 Rxd5 29. Rxd5 Rd7 30. Nf5+ Kg8 31. Rxb5 Rd8 32. Qh6 Qf6 33. h5
d5 34. hxg6 Qxf5 35. Qxh7+ Kf8 36. g7+ 1-0

[Event "Open 2004 des PSV Rostock"]
[Site "Rostock"]
[Date "2004.08.26"]
[Round "1.36"]
[White "Modrow, Andreas"]
[Black "Seiler, Dirk"]
[Result "0-1"]
[WhiteElo "1161"]
[BlackElo "1924"]
[PlyCount "88"]
[EventDate "2004.08.26"]
[EventType "swiss"]
[EventRounds "7"]
[EventCountry "GER"]
[Source "Th. Schwetlick"]
[SourceDate "2004.09.01"]

1. e4 e6 2. d4 d5 3. exd5 exd5 4. c3 Bd6 5. Ne2 Bf5 6. Bf4 Ne7 7. Bxd6 Qxd6 8.
Ng3 Bg6 9. Be2 O-O 10. O-O Nd7 11. Nd2 Rae8 12. Nb3 f5 13. f4 b6 14. Bd3 Nf6
15. Qd2 Ne4 16. Nxe4 fxe4 17. Be2 h5 18. g3 Qe6 19. Bd1 Nf5 20. Bc2 Nd6 21. Qe2
Nc4 22. Rab1 Qh3 23. Rf2 a5 24. Rg2 Bf5 25. Nd2 Bg4 26. Qe1 Bf3 27. Rf2 Nxd2
28. Rxd2 e3 29. Re2 Bxe2 30. Qxe2 Qg4 31. Qxg4 hxg4 32. Re1 Rf6 33. Bd1 c5 34.
Bxg4 cxd4 35. cxd4 Kf8 36. Bf3 g5 37. Bxd5 gxf4 38. Kg2 Rd6 39. Bf3 Rxd4 40.
Be2 fxg3 41. hxg3 Rd2 42. Kf3 Rxb2 43. Bc4 Rf2+ 44. Kg4 Re4+ 0-1

[Event "Open 2004 des PSV Rostock"]
[Site "Rostock"]
[Date "2004.08.26"]
[Round "2.1"]
[White "Moeller, Peter"]
[Black "Seils, Joerg"]
[Result "0-1"]
[WhiteElo "2134"]
[BlackElo "2366"]
[PlyCount "109"]
[EventDate "2004.08.26"]
[EventType "swiss"]
[EventRounds "7"]
[EventCountry "GER"]
[Source "Th. Schwetlick"]
[SourceDate "2004.09.01"]

1. g3 Nf6 2. Bg2 d5 3. d3 c5 4. Nd2 Nc6 5. e4 g6 6. Ngf3 Bg7 7. O-O O-O 8. Re1
h6 9. a4 Be6 10. exd5 Bxd5 11. Nc4 Bxc4 12. dxc4 Qxd1 13. Rxd1 Rad8 14. Be3 b6
15. h3 e5 16. b3 e4 17. Nd2 Rfe8 18. Rac1 Nd4 19. Kf1 g5 20. c3 Nf5 21. Ke2 Kf8
22. a5 Nxe3 23. fxe3 Rd3 24. axb6 axb6 25. b4 g4 26. hxg4 Nxg4 27. Nf1 Rxc3 28.
Rxc3 Bxc3 29. bxc5 bxc5 30. Rd5 Bb4 31. Nd2 Nf6 32. Rf5 Kg7 33. Rf4 Bxd2 34.
Kxd2 Re5 35. Kc3 Kg6 36. Kb3 Kg5 37. Ka4 Ng4 38. Rxe4 Rxe4 39. Bxe4 Nxe3 40.
Kb5 Nf1 41. Kxc5 Nxg3 42. Bg2 Nf5 43. Bd5 Kf6 44. Kc6 h5 45. c5 Ke7 46. Kc7 h4
47. c6 Nd6 48. Kb8 f5 49. Bg2 f4 50. c7 Kd7 51. Bh3+ Kc6 52. Bg2+ Kb6 53. c8=Q
Nxc8 54. Kxc8 Kc5 55. Kc7 0-1

[Event "Open 2004 des PSV Rostock"]
[Site "Rostock"]
[Date "2004.08.26"]
[Round "2.2"]
[White "Hetey, Laszlo"]
[Black "Schroeder, Christian"]
[Result "1-0"]
[WhiteElo "2336"]
[BlackElo "2100"]
[PlyCount "69"]
[EventDate "2004.08.26"]
[EventType "swiss"]
[EventRounds "7"]
[EventCountry "GER"]
[Source "Th. Schwetlick"]
[SourceDate "2004.09.01"]

1. d4 d5 2. Nf3 g6 3. c4 c6 4. Nc3 a6 5. e4 dxe4 6. Nxe4 Bg7 7. Be2 Nd7 8. h4
Ndf6 9. Ng3 h5 10. Bf4 Nh6 11. Qc2 Nf5 12. Rd1 O-O 13. O-O Nxg3 14. Bxg3 Bf5
15. Qb3 Qc8 16. Rfe1 Ne4 17. Bf4 Rd8 18. Bd3 Nd6 19. c5 Nb5 20. Rxe7 Be6 21.
Bc4 Bd5 22. Bd6 Qf5 23. Bxd5 cxd5 24. Be5 f6 25. Bg3 Rd7 26. Rde1 Rad8 27. Qe3
Rxe7 28. Qxe7 Rd7 29. Qe8+ Kh7 30. a4 Na7 31. Re6 Rd8 32. Qxd8 Qxe6 33. Qb8 Nc6
34. Qxb7 f5 35. Ng5+ 1-0

[Event "Open 2004 des PSV Rostock"]
[Site "Rostock"]
[Date "2004.08.26"]
[Round "2.3"]
[White "Calder, Dennis"]
[Black "Rudolf, Henrik"]
[Result "0-1"]
[WhiteElo "2102"]
[BlackElo "2322"]
[PlyCount "82"]
[EventDate "2004.08.26"]
[EventType "swiss"]
[EventRounds "7"]
[EventCountry "GER"]
[Source "Th. Schwetlick"]
[SourceDate "2004.09.01"]

1. d4 Nf6 2. Bg5 Ne4 3. Bf4 c5 4. f3 Qa5+ 5. c3 Nf6 6. d5 d6 7. e4 g6 8. Nd2
Bg7 9. a4 Nbd7 10. Nc4 Qc7 11. Bd3 O-O 12. Qd2 Ne5 13. Ne2 Rd8 14. O-O e6 15.
Bg5 h6 16. Bxf6 Bxf6 17. Ne3 c4 18. Bc2 exd5 19. Nxd5 Qc5+ 20. Kh1 Bg7 21. Nd4
Bd7 22. b4 cxb3 23. Nxb3 Qc4 24. Na5 Qa6 25. f4 Qxa5 26. fxe5 dxe5 27. Ne7+ Kh7
28. Nd5 Be6 29. Bb3 f5 30. Qc2 Rf8 31. c4 f4 32. Rab1 Rf7 33. Qf2 Rc8 34. Qe2
Qc5 35. g3 Rcf8 36. gxf4 exf4 37. Bc2 f3 38. Qd3 Bh3 39. Ne3 Be5 40. Rb5 Qe7
41. Rf2 Qh4 0-1

[Event "Open 2004 des PSV Rostock"]
[Site "Rostock"]
[Date "2004.08.26"]
[Round "2.4"]
[White "Weglarz, Leszek"]
[Black "Scholz, Alexander"]
[Result "1/2-1/2"]
[WhiteElo "2305"]
[BlackElo "2084"]
[PlyCount "64"]
[EventDate "2004.08.26"]
[EventType "swiss"]
[EventRounds "7"]
[EventCountry "GER"]
[Source "Th. Schwetlick"]
[SourceDate "2004.09.01"]

1. Nf3 d5 2. c4 e6 3. g3 Nf6 4. Bg2 Be7 5. O-O O-O 6. d4 c5 7. dxc5 dxc4 8. Qc2
Bxc5 9. Qxc4 Qb6 10. Nc3 Bd7 11. a3 Rc8 12. Qa2 Bc6 13. Bd2 a5 14. Rac1 Nbd7
15. Qb1 a4 16. Ng5 Bxg2 17. Kxg2 Bd4 18. Nf3 Bc5 19. Bg5 h6 20. Bxf6 Nxf6 21.
h3 Bd6 22. Rfd1 Rc6 23. Ne4 Nxe4 24. Qxe4 Rxc1 25. Rxc1 Be7 26. Ne5 Bf6 27. Nd7
Qxb2 28. Nxf6+ Qxf6 29. Qxb7 Ra5 30. Qe4 Qd8 31. Rc4 Qd7 32. Rb4 Qa7 1/2-1/2

[Event "Open 2004 des PSV Rostock"]
[Site "Rostock"]
[Date "2004.08.26"]
[Round "2.5"]
[White "Schuetze, Tonio"]
[Black "Lisek, Juergen"]
[Result "0-1"]
[WhiteElo "2063"]
[BlackElo "2290"]
[PlyCount "72"]
[EventDate "2004.08.26"]
[EventType "swiss"]
[EventRounds "7"]
[EventCountry "GER"]
[Source "Th. Schwetlick"]
[SourceDate "2004.09.01"]

1. e4 c5 2. Nc3 Nc6 3. Nge2 e6 4. g3 Nf6 5. Bg2 Be7 6. O-O O-O 7. h3 d6 8. g4
h6 9. f4 Nh7 10. Kh2 Bf6 11. Ng3 Nd4 12. Nce2 Rb8 13. c3 Nxe2 14. Nxe2 c4 15.
d4 cxd3 16. Qxd3 Qc7 17. Be3 b6 18. Nd4 a6 19. Nf3 Bb7 20. Rad1 Rfd8 21. h4 e5
22. g5 d5 23. exd5 Bxd5 24. Qf5 g6 25. Qg4 e4 26. Nd2 hxg5 27. hxg5 Nxg5 28.
Kh1 Nf3 29. Nxf3 exf3 30. Bxf3 Bc4 31. Rg1 Kg7 32. Bd4 Bxd4 33. Rxd4 Rxd4 34.
cxd4 Rh8+ 35. Kg2 Be6 36. Qg3 Qc2+ 0-1

[Event "Open 2004 des PSV Rostock"]
[Site "Rostock"]
[Date "2004.08.26"]
[Round "2.6"]
[White "Oldach, Ehrenfried"]
[Black "Gottschalk, Jens"]
[Result "1/2-1/2"]
[WhiteElo "2058"]
[BlackElo "2239"]
[PlyCount "31"]
[EventDate "2004.08.26"]
[EventType "swiss"]
[EventRounds "7"]
[EventCountry "GER"]
[Source "Th. Schwetlick"]
[SourceDate "2004.09.01"]

1. e4 c5 2. Nf3 d6 3. d4 cxd4 4. Nxd4 Nf6 5. Nc3 Nc6 6. Bc4 Qb6 7. Ndb5 a6 8.
Be3 Qd8 9. Nd4 e6 10. O-O Bd7 11. Bb3 Be7 12. f4 O-O 13. f5 Nxd4 14. Bxd4 b5
15. Bxf6 Bxf6 16. Qxd6 1/2-1/2

[Event "Open 2004 des PSV Rostock"]
[Site "Rostock"]
[Date "2004.08.26"]
[Round "2.8"]
[White "Herde, Dittmar"]
[Black "Schoenrock, Ruediger"]
[Result "1/2-1/2"]
[WhiteElo "2022"]
[BlackElo "2197"]
[PlyCount "35"]
[EventDate "2004.08.26"]
[EventType "swiss"]
[EventRounds "7"]
[EventCountry "GER"]
[Source "Th. Schwetlick"]
[SourceDate "2004.09.01"]

1. d4 d5 2. c4 c6 3. Nf3 Nf6 4. Nc3 dxc4 5. a4 Na6 6. e3 Be6 7. Ne5 c5 8. Nxc4
cxd4 9. exd4 Nb4 10. Be3 Bf5 11. Rc1 e6 12. Ne5 a6 13. Be2 Be7 14. O-O O-O 15.
Bf3 Nfd5 16. g4 Bg6 17. Nxg6 hxg6 18. Nxd5 1/2-1/2

[Event "Open 2004 des PSV Rostock"]
[Site "Rostock"]
[Date "2004.08.26"]
[Round "2.9"]
[White "Ruebensam, Helmut"]
[Black "Bauer, Burkhardt"]
[Result "1-0"]
[WhiteElo "2184"]
[BlackElo "1977"]
[PlyCount "101"]
[EventDate "2004.08.26"]
[EventType "swiss"]
[EventRounds "7"]
[EventCountry "GER"]
[Source "Th. Schwetlick"]
[SourceDate "2004.09.01"]

1. e4 c5 2. c3 d6 3. d4 Nd7 4. Nf3 Qc7 5. Bd3 e5 6. O-O Ngf6 7. a4 Be7 8. Na3
O-O 9. Qe2 Re8 10. Nb5 Qb8 11. d5 Nf8 12. h3 Ng6 13. Nh2 Bd7 14. c4 h6 15. Nc3
Qc8 16. Bc2 Nh7 17. Ra3 Qd8 18. Qd3 Bg5 19. Ne2 Bxc1 20. Rxc1 Qg5 21. Qg3 Nf4
22. Nxf4 exf4 23. Qxg5 Nxg5 24. f3 f6 25. a5 Nf7 26. Ba4 Bxa4 27. Rxa4 Rab8 28.
b4 Rec8 29. b5 h5 30. Ra3 Ne5 31. Kf2 Kf7 32. Rac3 Rg8 33. Rg1 g5 34. Nf1 Rg7
35. Nd2 Rf8 36. Kf1 g4 37. hxg4 hxg4 38. Rh1 g3 39. Ke2 Ng6 40. Rcc1 Rh8 41.
Rxh8 Nxh8 42. Rh1 Kg8 43. Rh6 Rg6 44. Rh4 Nf7 45. Rxf4 Rh6 46. Rg4+ Kf8 47. f4
Rh1 48. Nf1 f5 49. exf5 Nh6 50. Rg6 Ke7 51. Nxg3 1-0

[Event "Open 2004 des PSV Rostock"]
[Site "Rostock"]
[Date "2004.08.26"]
[Round "2.10"]
[White "Luetje, Juergen"]
[Black "Kliewe, Hans Juergen"]
[Result "1/2-1/2"]
[WhiteElo "1995"]
[BlackElo "2178"]
[PlyCount "61"]
[EventDate "2004.08.26"]
[EventType "swiss"]
[EventRounds "7"]
[EventCountry "GER"]
[Source "Th. Schwetlick"]
[SourceDate "2004.09.01"]

1. d4 d5 2. Nf3 Nf6 3. e3 Bg4 4. c4 c6 5. Qb3 Qc8 6. Ne5 Be6 7. Nc3 dxc4 8.
Bxc4 Bxc4 9. Qxc4 e6 10. O-O Nbd7 11. f4 c5 12. d5 Nxe5 13. fxe5 Nxd5 14. Nxd5
exd5 15. Qxd5 Qc7 16. b3 Rd8 17. Qf3 Rd7 18. Bb2 Qc6 19. Qxc6 bxc6 20. Rfd1 Be7
21. Ba3 c4 22. Rxd7 Kxd7 23. Rd1+ Ke6 24. Bxe7 Kxe7 25. bxc4 Rb8 26. Rd6 Rb2
27. Rxc6 Rxa2 28. Kf1 g6 29. c5 Rc2 30. e6 fxe6 31. Rc7+ 1/2-1/2

[Event "Open 2004 des PSV Rostock"]
[Site "Rostock"]
[Date "2004.08.26"]
[Round "2.11"]
[White "Miersch, Marco"]
[Black "Boettcher, Patrick"]
[Result "1/2-1/2"]
[WhiteElo "2176"]
[BlackElo "1949"]
[PlyCount "127"]
[EventDate "2004.08.26"]
[EventType "swiss"]
[EventRounds "7"]
[EventCountry "GER"]
[Source "Th. Schwetlick"]
[SourceDate "2004.09.01"]

1. e4 c5 2. Nf3 Nc6 3. d4 cxd4 4. Nxd4 Nf6 5. Nc3 e5 6. Ndb5 d6 7. Bg5 a6 8.
Na3 b5 9. Nd5 Be7 10. Nxe7 Nxe7 11. Bd3 d5 12. Bxf6 gxf6 13. c3 Bb7 14. Qe2 f5
15. f3 fxe4 16. fxe4 dxe4 17. Bxe4 Bxe4 18. Qxe4 Qd5 19. Qxd5 Nxd5 20. O-O-O
Rd8 21. Rhe1 f6 22. Nc2 Rg8 23. g3 Kf7 24. a4 bxa4 25. Re4 Nb6 26. Rb4 Rxd1+
27. Kxd1 Rd8+ 28. Ke2 Rd6 29. Ne3 Ke6 30. Kf3 f5 31. Rh4 e4+ 32. Ke2 Nd7 33.
Rxh7 Nf6 34. Rb7 Nd7 35. Rb4 Nc5 36. Nc2 Nd3 37. Nd4+ Kf6 38. Rxa4 Nxb2 39. Ra5
Kg6 40. Nxf5 Rd3 41. Ne7+ Kf7 42. Nd5 Nd1 43. c4 Nb2 44. Nb6 Rc3 45. Rxa6 Nxc4
46. Nxc4 Rxc4 47. Ke3 Rc2 48. Rh6 Kg7 49. Rh5 Kg6 50. g4 Rc4 51. Re5 Rc3+ 52.
Kf2 Rc2+ 53. Kg3 Rc3+ 54. Kh4 e3 55. Re6+ Kf7 56. Re4 Kg6 57. Kg3 e2+ 58. Kf2
Kg5 59. Kxe2 Rc2+ 60. Kf3 Rxh2 61. Re5+ Kf6 62. Rf5+ Kg6 63. Rd5 Ra2 64. Rd6+
1/2-1/2

[Event "Open 2004 des PSV Rostock"]
[Site "Rostock"]
[Date "2004.08.26"]
[Round "2.12"]
[White "Ott, Mathias"]
[Black "Drill, Frank"]
[Result "0-1"]
[WhiteElo "1965"]
[BlackElo "2175"]
[PlyCount "92"]
[EventDate "2004.08.26"]
[EventType "swiss"]
[EventRounds "7"]
[EventCountry "GER"]
[Source "Th. Schwetlick"]
[SourceDate "2004.09.01"]

1. d4 d5 2. c4 Bf5 3. Nc3 e6 4. Qb3 Nc6 5. Nf3 Nb4 6. cxd5 exd5 7. e4 dxe4 8.
Ng5 Qd7 9. Bb5 c6 10. Bc4 Nh6 11. O-O O-O-O 12. Bxf7 Nxf7 13. Qxf7 Nc2 14. Rb1
Be7 15. Ngxe4 Rhf8 16. Qb3 Nxd4 17. Qa4 Bxe4 18. Nxe4 Qg4 19. Nc3 Ne2+ 20. Kh1
Qxa4 21. Nxa4 Rd4 22. b3 b5 23. Be3 bxa4 24. Bxd4 Nxd4 25. bxa4 Kc7 26. a5 Bc5
27. Rfc1 Kd6 28. f3 h5 29. Rb7 h4 30. Re1 Nf5 31. g4 hxg3 32. hxg3 Rh8+ 33. Kg2
Ne3+ 34. Rxe3 Bxe3 35. Rxg7 Rb8 36. f4 Bd4 37. Rg6+ Kd5 38. Kf3 c5 39. Rg5+ Kc4
40. f5 Kd3 41. Rg6 c4 42. Rc6 c3 43. g4 Rb5 44. f6 Rc5 45. f7 Rxc6 46. f8=Q
Rf6+ 0-1

[Event "Open 2004 des PSV Rostock"]
[Site "Rostock"]
[Date "2004.08.26"]
[Round "2.13"]
[White "Helms, Sven"]
[Black "Brack, Peter"]
[Result "1/2-1/2"]
[WhiteElo "2164"]
[BlackElo "1918"]
[PlyCount "106"]
[EventDate "2004.08.26"]
[EventType "swiss"]
[EventRounds "7"]
[EventCountry "GER"]
[Source "Th. Schwetlick"]
[SourceDate "2004.09.01"]

1. d4 d5 2. c4 e6 3. Nc3 Nf6 4. Nf3 Nbd7 5. Bg5 c6 6. e3 Qa5 7. Nd2 Bb4 8. Rc1
Bxc3 9. Rxc3 Qxa2 10. Bd3 Qxb2 11. Rb3 Qa2 12. Qc1 Qa5 13. c5 e5 14. O-O Qc7
15. Bh4 O-O 16. Bb1 b5 17. e4 dxe4 18. dxe5 Qxe5 19. Bg3 Qg5 20. Bd6 Re8 21.
Rg3 Qh6 22. Rh3 Qg5 23. Rg3 Qh6 24. Rh3 Qg6 25. f3 Nf8 26. Rg3 Qh6 27. fxe4 Ng6
28. e5 Nd5 29. Qe1 Be6 30. Ne4 Ndf4 31. Ng5 Nh5 32. Nxe6 Nxg3 33. Qxg3 fxe6 34.
Qg4 Qh4 35. Qf3 Qd4+ 36. Kh1 Qd5 37. Be4 Nxe5 38. Bxd5 Nxf3 39. Bxf3 Rec8 40.
Bg4 Re8 41. Bf3 Rec8 42. Bg4 Re8 43. Bf3 Rac8 44. Ra1 a5 45. Rxa5 Ra8 46. Rxa8
Rxa8 47. Kg1 Ra6 48. Kf2 Kf7 49. Be4 g6 50. Be5 Ke7 51. Ke3 Ra3+ 52. Kd2 Kd7
53. Bf3 Rb3 1/2-1/2

[Event "Open 2004 des PSV Rostock"]
[Site "Rostock"]
[Date "2004.08.26"]
[Round "2.14"]
[White "Seiler, Dirk"]
[Black "Hornych, Christoph"]
[Result "1/2-1/2"]
[WhiteElo "1924"]
[BlackElo "2157"]
[PlyCount "65"]
[EventDate "2004.08.26"]
[EventType "swiss"]
[EventRounds "7"]
[EventCountry "GER"]
[Source "Th. Schwetlick"]
[SourceDate "2004.09.01"]

1. d4 Nf6 2. c4 c5 3. d5 b5 4. cxb5 a6 5. e3 g6 6. Nf3 d6 7. Nc3 Bg7 8. a4 O-O
9. Bc4 Nbd7 10. Ra3 Nb6 11. b3 axb5 12. Bxb5 Ba6 13. Bxa6 Rxa6 14. O-O Qa8 15.
e4 Nfd7 16. Nb5 Rc8 17. Bg5 Kf8 18. Bd2 c4 19. Nfd4 cxb3 20. Qxb3 Nc5 21. Qf3
Nc4 22. Ra2 Rxa4 23. Rxa4 Qxa4 24. Bc3 Bxd4 25. Nxd4 Qd7 26. Nc6 f5 27. Qe2 Ne5
28. Nxe5 dxe5 29. exf5 Qxf5 30. Qxe5 Qxe5 31. Bxe5 Nd3 32. f4 Rd8 33. g3
1/2-1/2

[Event "Open 2004 des PSV Rostock"]
[Site "Rostock"]
[Date "2004.08.26"]
[Round "2.15"]
[White "Onasch, Paul"]
[Black "Hellmann, Norbert"]
[Result "0-1"]
[WhiteElo "1690"]
[BlackElo "2137"]
[PlyCount "82"]
[EventDate "2004.08.26"]
[EventType "swiss"]
[EventRounds "7"]
[EventCountry "GER"]
[Source "Th. Schwetlick"]
[SourceDate "2004.09.01"]

1. d4 d6 2. c4 g6 3. Nc3 Bg7 4. e4 Nf6 5. f3 c6 6. Be3 a6 7. Qd2 b5 8. cxb5
axb5 9. Bd3 Bd7 10. Nge2 O-O 11. O-O Na6 12. a3 b4 13. Na2 bxa3 14. bxa3 Ne8
15. Rab1 Nec7 16. Nb4 Nxb4 17. Qxb4 Ne6 18. Rfc1 Qa5 19. Rb3 Qxb4 20. axb4 Rfb8
21. f4 Rb7 22. e5 Rab8 23. Rcb1 Nc7 24. Nc3 Be6 25. R3b2 Nd5 26. Nxd5 Bxd5 27.
b5 cxb5 28. Rxb5 Rxb5 29. Rxb5 Rxb5 30. Bxb5 f6 31. exd6 exd6 32. Kf2 Kf7 33.
g3 Ke6 34. Bd3 Ba2 35. Bd2 Kd5 36. Ke3 f5 37. Bc3 Bc4 38. Bb2 Bxd3 39. Kxd3 Bf6
40. h4 Bd8 41. Bc1 Ba5 0-1

[Event "Open 2004 des PSV Rostock"]
[Site "Rostock"]
[Date "2004.08.26"]
[Round "2.16"]
[White "Schulz, Michael"]
[Black "Loeke, Patrick"]
[Result "1-0"]
[WhiteElo "2247"]
[BlackElo "1666"]
[PlyCount "37"]
[EventDate "2004.08.26"]
[EventType "swiss"]
[EventRounds "7"]
[EventCountry "GER"]
[Source "Th. Schwetlick"]
[SourceDate "2004.09.01"]

1. d4 d5 2. Nc3 Bf5 3. f3 Nf6 4. Bg5 Nbd7 5. Nxd5 Nxd5 6. e4 h6 7. Bh4 Bxe4 8.
fxe4 Nf4 9. Nf3 Ng6 10. Bg3 e6 11. Bd3 e5 12. Nxe5 Ndxe5 13. dxe5 Bc5 14. e6
Qe7 15. exf7+ Qxf7 16. Rf1 Qe7 17. Qh5 Qg5 18. Qxg5 hxg5 19. Bxc7 1-0

[Event "Open 2004 des PSV Rostock"]
[Site "Rostock"]
[Date "2004.08.26"]
[Round "2.17"]
[White "Kutschke, Peter"]
[Black "Zur, Jan"]
[Result "1-0"]
[WhiteElo "2128"]
[BlackElo "1840"]
[PlyCount "83"]
[EventDate "2004.08.26"]
[EventType "swiss"]
[EventRounds "7"]
[EventCountry "GER"]
[Source "Th. Schwetlick"]
[SourceDate "2004.09.01"]

1. e4 c5 2. c4 Nc6 3. Ne2 Nf6 4. Nbc3 e6 5. d4 cxd4 6. Nxd4 Bb4 7. Qd3 Ne5 8.
Qc2 Qb6 9. Nb3 Qc6 10. Nd2 d6 11. Be2 Bxc3 12. bxc3 b6 13. Ba3 Ba6 14. Qb3 Nxe4
15. Nxe4 Qxe4 16. Qa4+ b5 17. Qxa6 Rd8 18. Qxb5+ Ke7 19. O-O Qxe2 20. Rfe1 Nf3+
21. gxf3 Qxf3 22. Qg5+ Kd7 23. Rad1 Kc8 24. Qg3 Qc6 25. Rxd6 Qxc4 26. Red1 Rxd6
27. Rxd6 Qxa2 28. Rc6+ Kb7 29. Rc7+ Kb8 30. Rxf7+ Ka8 31. Qf3+ Qd5 32. Qxd5+
exd5 33. Rxg7 Rc8 34. Bb4 Rc4 35. Rd7 Rg4+ 36. Kf1 Rh4 37. Kg2 Rh5 38. Bc5 Rg5+
39. Kf3 Rf5+ 40. Kg4 Rf6 41. Rxa7+ Kb8 42. Rxh7 1-0